| 000 | 00391nmm a2200145Ia 4500 | ||
|---|---|---|---|
| 008 | 251105s9999||||xx |||||||||||||||||und|| | ||
| 041 | _aspa | ||
| 100 | _aAsimov, Isaac | ||
| 245 | 0 | _aYo, robot | |
| 264 |
_a[Madrid, España] : _bEdhasa, _c2011 |
||
| 300 | _a384 páginas | ||
| 650 | _aScience fiction & Fantasy | ||
| 856 | _uhttps://public.digitaliapublishing.com/a/30977 | ||
| 942 | _cCF | ||
| 999 |
_c104408 _d104408 |
||